Estudio de predicción de caudales minimos en el Río Cañas, usando los métodos, correlación múltiple con lluvias, curva de recesión y un modelo estocastico de series no anuales
Tallennettuna:
| Päätekijä: | |
|---|---|
| Aineistotyyppi: | Kirja |
| Julkaistu: |
[San José , Costa Rica]
1993
|
| Aiheet: | |
| Tagit: |
Lisää tagi
Ei tageja, Lisää ensimmäinen tagi!
|
MARC
| LEADER | 00000nam a2200000Ia 4500 | ||
|---|---|---|---|
| 003 | 007957 | ||
| 005 | 20221231144246.0 | ||
| 008 | 140114s1993 cr a m 000 0 s d | ||
| 040 | |c cru CEDI | ||
| 090 | |a TFG 3476 | ||
| 100 | |a Murillo Vargas, Roberto |9 10324 | ||
| 245 | |a Estudio de predicción de caudales minimos en el Río Cañas, usando los métodos, correlación múltiple con lluvias, curva de recesión y un modelo estocastico de series no anuales | ||
| 260 | |c 1993 |a [San José , Costa Rica] | ||
| 300 | |a xx, 179 hojas : ilustraciones (algunas plegables) ; 29 cm. | ||
| 500 | |a Proyecto de graduación (licenciatura en ingeniería agrícola)--Universidad de Costa Rica. Facultad de Ingeniería. Escuela de Ingeniería Agrícola | ||
| 650 | |x CUENCAS HIDROGRAFICAS |x RIO CAÑAS (COSTA RICA) |9 1203 | ||
| 942 | |c TFG | ||
| 999 | |c 19207 |d 19207 | ||
